[Event "II Weekend Hotel West End"]
[Site "Alassio ITA"]
[Date "2016.09.30"]
[Round "1"]
[White "Altieri, Danilo Mario"]
[Black "Joguet, Patrick"]
[WhiteElo "1977"]
[BlackElo "1647"]
[Result "1-0"]
[PlyCount "73"]
[EventDate "2016.09.30"]

1. c4 c5 2. g3 g6 3. Bg2 Bg7 4. Nc3 Nc6 5. d3 Nf6 6. e3 O-O 7. Nge2 d6 8. O-O
Bg4 9. h3 Bd7 10. g4 Rb8 11. Ng3 Ne5 12. g5 Ne8 13. f4 Nc6 14. h4 Qc8 15. h5
Bg4 16. Bf3 Bd7 17. Qe2 Nc7 18. Rb1 b5 19. cxb5 Nxb5 20. Nxb5 Rxb5 21. b3 Rb8
22. Ne4 Qc7 23. Qh2 Bf5 24. Bb2 Nb4 25. Bxg7 Kxg7 26. h6+ Kg8 27. Qb2 e5 28. a3
Nc6 29. Nf6+ Kh8 30. Bxc6 Qxc6 31. fxe5 d5 32. Nxd5 Qxd5 33. e6+ f6 34. gxf6
Rf7 35. exf7 Qxf7 36. e4 Be6 37. Qe5 1-0

[Event "II Weekend Hotel West End"]
[Site "Alassio ITA"]
[Date "2016.09.30"]
[Round "1"]
[White "Benenati, Gianfranco"]
[Black "Picasso, Filippo"]
[WhiteElo "1810"]
[BlackElo "1474"]
[Result "1-0"]
[PlyCount "25"]
[EventDate "2016.09.30"]

1. e4 e5 2. Nf3 Nc6 3. Bb5 f6 4. c3 a6 5. Ba4 Bc5 6. d4 exd4 7. cxd4 Bb6 8. Nc3
Nge7 9. d5 Ne5 10. Nxe5 fxe5 11. Qh5+ Ng6 12. Bg5 Bxf2+ 13. Kd2 1-0

[Event "II Weekend Hotel West End"]
[Site "Alassio ITA"]
[Date "2016.09.30"]
[Round "1"]
[White "Biancotti, Alessandro"]
[Black "Petrini, Emanuela"]
[WhiteElo "1855"]
[BlackElo "1543"]
[Result "1-0"]
[PlyCount "73"]
[EventDate "2016.09.30"]

1. e4 d5 2. exd5 Nf6 3. c4 c6 4. dxc6 Nxc6 5. Nf3 Bg4 6. Be2 e5 7. O-O Bc5 8.
Nc3 O-O 9. h3 Bf5 10. a3 Re8 11. d3 Qd7 12. b4 Bd4 13. Qb3 Rad8 14. Rd1 a6 15.
Bg5 h6 16. Bxf6 Bxc3 17. Qxc3 gxf6 18. Nh2 Nd4 19. Bf1 Kh7 20. Ra2 Rg8 21. Kh1
Qc6 22. f3 Rg7 23. Rf2 Rdg8 24. g4 Be6 25. Bg2 Rd8 26. f4 Qc7 27. Rdf1 Bd5 28.
Bxd5 Rxd5 29. fxe5 fxe5 30. Qe1 Rd7 31. Qe4+ Kh8 32. Rf6 Rh7 33. Nf3 Nc2 34.
Qxe5 Qxe5 35. Nxe5 Re7 36. Nxf7+ Kg7 37. Nd6 1-0

[Event "II Weekend Hotel West End"]
[Site "Alassio ITA"]
[Date "2016.09.30"]
[Round "1"]
[White "Boasso, Andrea"]
[Black "Mercandelli, Claudio"]
[WhiteElo "1563"]
[BlackElo "1863"]
[Result "0-1"]
[PlyCount "46"]
[EventDate "2016.09.30"]

1. e4 e6 2. d4 d5 3. Nc3 h6 4. Nf3 Nf6 5. e5 Nfd7 6. Bd3 a6 7. O-O c5 8. Be3
cxd4 9. Bxd4 Nc6 10. Ne2 Nb4 11. c4 Nxd3 12. Qxd3 dxc4 13. Qxc4 Be7 14. Rac1
O-O 15. Rfd1 Nb6 16. Qb3 Nd5 17. Bb6 Qxb6 18. Qc2 Bd7 19. Nc3 Nxc3 20. Rxd7 Nd5
21. Rd1 Rac8 22. Qe2 Bc5 23. g3 Qc6 0-1

[Event "II Weekend Hotel West End"]
[Site "Alassio ITA"]
[Date "2016.09.30"]
[Round "1"]
[White "Cairo, Serge"]
[Black "Delucis, Gabriele"]
[WhiteElo "1765"]
[BlackElo "1403"]
[Result "1-0"]
[PlyCount "89"]
[EventDate "2016.09.30"]

1. d4 Nf6 2. c4 d6 3. Nc3 g6 4. g3 Bg7 5. Bg2 O-O 6. e4 e5 7. d5 Bd7 8. Nge2
Qe7 9. O-O c5 10. dxc6 Bxc6 11. b3 Nbd7 12. f3 Nb6 13. Ba3 Rfd8 14. Qd2 Ne8 15.
Rad1 Qe6 16. Qe3 Nc7 17. Rd3 Rd7 18. Rfd1 Rad8 19. Kh1 Kh8 20. Ng1 Ne8 21. Nh3
Qf6 22. Nf2 Qe7 23. Ng4 Nf6 24. Nf2 Ng8 25. Qd2 Bf8 26. Ng4 Nf6 27. Ne3 Bh6 28.
Qe2 Qe6 29. Nc2 Kg8 30. Bc1 Bxc1 31. Rxc1 Kg7 32. Rcd1 Nh5 33. Nb4 Rb8 34. Qe3
Rdd8 35. Nbd5 Bxd5 36. Nxd5 Nc8 37. f4 exf4 38. gxf4 f5 39. Qd4+ Kf7 40. e5
dxe5 41. fxe5 b6 42. Qe3 Ne7 43. Re1 Nc6 44. Bf3 Ng7 45. Qg5 1-0

[Event "II Weekend Hotel West End"]
[Site "Alassio ITA"]
[Date "2016.09.30"]
[Round "1"]
[White "Coqueraut, Lodewyk"]
[Black "Abd El Gawad, Shaban"]
[WhiteElo "1650"]
[BlackElo "2019"]
[Result "0-1"]
[PlyCount "86"]
[EventDate "2016.09.30"]

1. d4 Nf6 2. c4 e6 3. Nf3 d5 4. Bg5 Be7 5. Nc3 c6 6. e3 Nbd7 7. h3 Qa5 8. Bd3
dxc4 9. Bxc4 Bb4 10. Bxf6 Nxf6 11. Qc2 Nd5 12. Rc1 O-O 13. O-O Be7 14. a3 Qd8
15. Ba2 Kh8 16. Bb1 g6 17. Ne2 Bd7 18. Ne5 Be8 19. e4 Nf6 20. Qb3 Rb8 21. f4
Ng8 22. Nf3 Qa5 23. g4 f6 24. Ng3 Bf7 25. e5 c5 26. Kg2 cxd4 27. Nxd4 Rfd8 28.
Nde2 Be8 29. Qe3 Rd2 30. b4 Qd8 31. Kg1 f5 32. Rc3 Bc6 33. Rd3 Rxd3 34. Qxd3
Qb6+ 35. Qd4 Qa6 36. Qc3 Rd8 37. gxf5 gxf5 38. Bc2 Qb6+ 39. Rf2 Bh4 40. Kf1 Ne7
41. Qc5 Qa6 42. Qe3 Nd5 43. Qc1 Bxg3 0-1

[Event "II Weekend Hotel West End"]
[Site "Alassio ITA"]
[Date "2016.09.30"]
[Round "1"]
[White "Cugini, Verter"]
[Black "Benvenuti, Cristian"]
[WhiteElo "2067"]
[BlackElo "1686"]
[Result "1-0"]
[PlyCount "115"]
[EventDate "2016.09.30"]

1. e4 e5 2. Nf3 Nc6 3. d4 exd4 4. Nxd4 Nf6 5. Nxc6 bxc6 6. e5 Qe7 7. Qe2 Nd5 8.
c4 Nb6 9. Nd2 Bb7 10. b3 O-O-O 11. Bb2 Qe6 12. O-O-O a5 13. Nf3 Qh6+ 14. Qd2
Qxd2+ 15. Rxd2 a4 16. Bd3 Bb4 17. Re2 axb3 18. axb3 h6 19. Rd1 Rhe8 20. Bf5 g6
21. Bh3 Kb8 22. Nd4 d5 23. exd6 Bxd6 24. Rde1 Rxe2 25. Rxe2 Bc5 26. Nc2 Bd6 27.
Bf6 Bf4+ 28. Ne3 Re8 29. g3 Bd6 30. Ra2 Bc5 31. Kd2 Bc8 32. Bg2 Re6 33. Bc3
Rd6+ 34. Ke2 Re6 35. Ra5 Bf8 36. Bf3 Kb7 37. Ra2 Nd7 38. Kf1 Nc5 39. Bb4 Re8
40. Kg2 Kb6 41. Ba5+ Kb7 42. b4 Ne4 43. b5 cxb5 44. cxb5 Kb8 45. Nd5 Bd6 46.
Rc2 Nc5 47. Bxc7+ Bxc7 48. Rxc5 Bd6 49. Rc6 Be5 50. Nb4 Bd4 51. Rc4 Bb6 52.
Nc6+ Ka8 53. Nd8+ Kb8 54. Nxf7 Be6 55. Rc6 Bxf7 56. Rxb6+ Kc8 57. Rf6 Re7 58.
b6 1-0

[Event "II Weekend Hotel West End"]
[Site "Alassio ITA"]
[Date "2016.09.30"]
[Round "1"]
[White "Delucis, Mauro"]
[Black "Roversi, Stefano"]
[WhiteElo "1388"]
[BlackElo "1762"]
[Result "1-0"]
[PlyCount "65"]
[EventDate "2016.09.30"]

1. Nf3 Nf6 2. d4 d6 3. e3 c5 4. c3 cxd4 5. cxd4 Nc6 6. Bd3 g6 7. Nc3 Bg7 8. O-O
O-O 9. b3 Nb4 10. Re1 Nxd3 11. Qxd3 Bf5 12. e4 Bd7 13. Bb2 Rc8 14. Rac1 Qa5 15.
e5 Bf5 16. Qb5 Qxb5 17. Nxb5 Nd5 18. exd6 exd6 19. Nxd6 Rxc1 20. Rxc1 Nb4 21.
Rc7 Nd3 22. Nxf5 Nxb2 23. Nxg7 Kxg7 24. Rxb7 Rc8 25. g3 Rc1+ 26. Kg2 Nd3 27.
Ne5 Ne1+ 28. Kh3 Rc2 29. Rxf7+ Kg8 30. Rxa7 Rxf2 31. b4 g5 32. Ng4 Rd2 33. Nf6+
1-0

[Event "II Weekend Hotel West End"]
[Site "Alassio ITA"]
[Date "2016.09.30"]
[Round "1"]
[White "Gandolfo, Gianluca"]
[Black "Passerotti, Pierluigi"]
[WhiteElo "1712"]
[BlackElo "2269"]
[Result "0-1"]
[PlyCount "48"]
[EventDate "2016.09.30"]

1. c4 f5 2. Nc3 Nf6 3. Nf3 d6 4. g3 e5 5. d3 Be7 6. Bg2 O-O 7. O-O Nc6 8. Rb1
a5 9. a3 Qe8 10. b4 axb4 11. axb4 Nd8 12. Bd2 Ne6 13. e4 f4 14. Qc1 g5 15. gxf4
gxf4 16. Re1 Qh5 17. d4 Kh8 18. Nd5 Nxd5 19. exd5 Rg8 20. Kf1 Rxg2 21. Kxg2
Qg4+ 22. Kf1 Qxf3 23. Qd1 Qh3+ 24. Kg1 Nxd4 0-1

[Event "II Weekend Hotel West End"]
[Site "Alassio ITA"]
[Date "2016.09.30"]
[Round "1"]
[White "Grasso, Gabriele"]
[Black "Angelini, Marco"]
[WhiteElo "1709"]
[BlackElo "2203"]
[Result "0-1"]
[PlyCount "64"]
[EventDate "2016.09.30"]

1. d4 Nf6 2. Nf3 g6 3. c4 Bg7 4. Nc3 d5 5. Bg5 Ne4 6. cxd5 Nxg5 7. Nxg5 e6 8.
Nf3 exd5 9. e3 O-O 10. b4 c6 11. Be2 b6 12. Qb3 Be6 13. Na4 Nd7 14. Rc1 Rc8 15.
Qc2 Qe7 16. a3 Rc7 17. O-O Rfc8 18. Ba6 Rb8 19. Bd3 Ra8 20. Ba6 Bf8 21. Qd2 Qd8
22. Rc3 b5 23. Nc5 Bxc5 24. bxc5 Nb8 25. Bxb5 cxb5 26. Rb1 a6 27. Ne5 f6 28.
Nd3 Bf5 29. Rb2 Bxd3 30. Qxd3 Nc6 31. Rb1 Qe7 32. Qe2 Nxd4 0-1

[Event "II Weekend Hotel West End"]
[Site "Alassio ITA"]
[Date "2016.09.30"]
[Round "1"]
[White "Manfredi, Vincenzo"]
[Black "Gardini, Enrico"]
[WhiteElo "2218"]
[BlackElo "1711"]
[Result "1-0"]
[PlyCount "87"]
[EventDate "2016.09.30"]

1. d4 Nf6 2. Nf3 g6 3. c4 Bg7 4. Nc3 O-O 5. e4 d6 6. Be2 c5 7. O-O Nc6 8. d5
Nb8 9. h3 Ne8 10. Bf4 Nd7 11. Qd2 Ne5 12. Nxe5 dxe5 13. Be3 b6 14. a3 Nd6 15.
b4 Ba6 16. Qa2 f5 17. f3 cxb4 18. axb4 Bxc4 19. Bxc4 Qc7 20. Nb5 Qxc4 21. Nxd6
Qxa2 22. Rxa2 exd6 23. Rfa1 fxe4 24. fxe4 Rac8 25. Rxa7 Rc4 26. Rd7 Rxe4 27.
Raa7 Bh8 28. Bh6 Rc8 29. Bg7 Rxb4 30. Bxh8 Kxh8 31. Rxh7+ Kg8 32. Rag7+ Kf8 33.
Rxg6 Rb5 34. Rxd6 Kg8 35. Rb7 Rb1+ 36. Kh2 b5 37. h4 Rb4 38. g3 e4 39. Rg6+ Kh8
40. h5 e3 41. h6 e2 42. Re6 Rb2 43. Kh3 b4 44. Ree7 1-0

[Event "II Weekend Hotel West End"]
[Site "Alassio ITA"]
[Date "2016.09.30"]
[Round "1"]
[White "Montani, Riccardo"]
[Black "Pivari, Flavio"]
[WhiteElo "1849"]
[BlackElo "1526"]
[Result "1-0"]
[PlyCount "95"]
[EventDate "2016.09.30"]

1. e4 c5 2. Nf3 d6 3. d4 cxd4 4. Nxd4 Nf6 5. Nc3 a6 6. Bg5 e6 7. f4 Be7 8. Qf3
Nc6 9. Nxc6 bxc6 10. e5 Nd5 11. Bxe7 Qxe7 12. Ne4 dxe5 13. fxe5 O-O 14. Qd3 Qc7
15. Qg3 Qa5+ 16. c3 f5 17. Ng5 h6 18. Nh3 f4 19. Qd3 Ne3 20. Nxf4 Qxe5 21. Ne2
Rxf1+ 22. Rxf1 Nxf1 23. Kxf1 Bb7 24. Qg3 Rf8+ 25. Ke1 Qe4 26. Rd1 c5 27. Rd7
Qb1+ 28. Kd2 Qxb2+ 29. Ke3 Rf7 30. Qb8+ Rf8 31. Qxb7 Qc2 32. Rxg7+ Kh8 33. Rg3
Rg8 34. Rxg8+ Kxg8 35. Qc8+ Kf7 36. Qd7+ Kf6 37. Qd8+ Kf7 38. Qc7+ Kf6 39. Qxc5
e5 40. Qd6+ Kf7 41. Qxe5 Qb2 42. Qc7+ Kf6 43. Qc6+ Kg5 44. Qxa6 Qb8 45. Qa5+
Kf6 46. Qa6+ Kg7 47. Qd3 Qxh2 48. Qf5 1-0

[Event "II Weekend Hotel West End"]
[Site "Alassio ITA"]
[Date "2016.09.30"]
[Round "1"]
[White "Noli, Giovanni"]
[Black "Scarrone, Eugenio"]
[WhiteElo "1807"]
[BlackElo "1438"]
[Result "1-0"]
[PlyCount "89"]
[EventDate "2016.09.30"]

1. d4 Nf6 2. c4 e5 3. d5 c6 4. Bg5 Bb4+ 5. Nd2 d6 6. Qb3 Bxd2+ 7. Bxd2 Ne4 8.
Nf3 O-O 9. g3 Nd7 10. Bg2 Ndc5 11. Qa3 cxd5 12. cxd5 a5 13. b4 Nxd2 14. bxc5
Nc4 15. Qc3 b5 16. c6 Qf6 17. O-O Ba6 18. Nd2 b4 19. Qc1 Nxd2 20. Qxd2 Qg6 21.
Rfc1 f5 22. e3 e4 23. Bf1 Qf6 24. Bxa6 Rxa6 25. c7 Rc8 26. Qd4 Qxd4 27. exd4
Ra7 28. Rc6 Raxc7 29. Rxd6 Kf7 30. Ra6 Rd7 31. Rxa5 Rcd8 32. Rb1 Rxd5 33. Rxd5
Rxd5 34. Rxb4 g5 35. Kf1 h5 36. Ke2 Ra5 37. a4 Ke6 38. Ke3 Kd6 39. h4 f4+ 40.
Kxe4 gxh4 41. gxh4 Ra8 42. Kxf4 Kd5 43. Ke3 Re8+ 44. Kd3 Re4 45. Rb5+ 1-0

[Event "II Weekend Hotel West End"]
[Site "Alassio ITA"]
[Date "2016.09.30"]
[Round "1"]
[White "Paparella, Nicole Samantha"]
[Black "Traverso, Massimiliano"]
[WhiteElo "1646"]
[BlackElo "1939"]
[Result "0-1"]
[PlyCount "88"]
[EventDate "2016.09.30"]

1. e4 c5 2. Nf3 Nc6 3. d4 cxd4 4. Nxd4 Nf6 5. Nc3 e5 6. Ndb5 d6 7. Na3 a6 8.
Nc4 b5 9. Nd2 Be7 10. a3 Be6 11. Be2 O-O 12. O-O d5 13. exd5 Nxd5 14. Nxd5 Bxd5
15. Bf3 f5 16. Bxd5+ Qxd5 17. Nb3 Rad8 18. Bd2 Rf6 19. Bg5 Rfd6 20. Qxd5+ Rxd5
21. Bxe7 Nxe7 22. Rfe1 Nc6 23. Re2 a5 24. Rae1 a4 25. Na1 e4 26. c3 Rd2 27. Kf1
Ne5 28. Nc2 Nc6 29. Rxd2 Rxd2 30. Re2 Rd1+ 31. Re1 Rd6 32. Ke2 Kf7 33. Rd1 Rxd1
34. Kxd1 Ke6 35. Kd2 Ke5 36. g3 g5 37. Kd1 f4 38. g4 Kd5 39. h3 Kc4 40. Kd2 Kb3
41. Kc1 Ne5 42. Nd4+ Kc4 43. Kc2 Nd3 44. Ne6 h6 0-1

[Event "II Weekend Hotel West End"]
[Site "Alassio ITA"]
[Date "2016.09.30"]
[Round "1"]
[White "Pedemonte, Claudio"]
[Black "Massimillo, Angelo"]
[WhiteElo "1730"]
[BlackElo "1383"]
[Result "1-0"]
[PlyCount "49"]
[EventDate "2016.09.30"]

1. c4 Nf6 2. Nc3 e6 3. e4 Nc6 4. Nf3 Bb4 5. e5 Ng8 6. a3 Bxc3 7. bxc3 Nh6 8. d4
d5 9. Bxh6 gxh6 10. Qd2 Na5 11. Qxh6 Nxc4 12. Bxc4 dxc4 13. Qg7 Rf8 14. Ng5 Qe7
15. Nxh7 f6 16. Qxf8+ Qxf8 17. Nxf8 Kxf8 18. h4 f5 19. Ke2 Bd7 20. h5 Kf7 21.
Rh2 Bc6 22. f3 Rh8 23. Rah1 b5 24. Ke3 Bb7 25. Rg1 1-0

[Event "II Weekend Hotel West End"]
[Site "Alassio ITA"]
[Date "2016.09.30"]
[Round "1"]
[White "Petrini, Alberto"]
[Black "Camagna, Ivan"]
[WhiteElo "1919"]
[BlackElo "1587"]
[Result "1-0"]
[PlyCount "73"]
[EventDate "2016.09.30"]

1. d4 Nf6 2. c4 g6 3. f3 Bg7 4. e4 O-O 5. Nc3 d6 6. Be3 e5 7. Nge2 h6 8. Qd2
Kh7 9. O-O-O a5 10. dxe5 Ng8 11. exd6 c6 12. c5 Nd7 13. Bd4 a4 14. Bxg7 Kxg7
15. Qd4+ f6 16. Nf4 Re8 17. Nd3 Ra5 18. f4 h5 19. Be2 Nf8 20. a3 Be6 21. Rhe1
Nh6 22. h3 Bb3 23. Rd2 Ne6 24. Qb4 Qa8 25. Bd1 Bxd1 26. Rexd1 Qa7 27. Kb1 Nxc5
28. Nxc5 Rxc5 29. d7 Rd8 30. Nxa4 Rb5 31. Qe7+ Nf7 32. Nc3 Rb3 33. Ka2 Qb6 34.
Qe6 Rxa3+ 35. bxa3 Qa5 36. Qb3 b5 37. Qb4 1-0

[Event "II Weekend Hotel West End"]
[Site "Alassio ITA"]
[Date "2016.09.30"]
[Round "1"]
[White "Petrini, Davide"]
[Black "Novaria, Ivan"]
[WhiteElo "1433"]
[BlackElo "1769"]
[Result "0-1"]
[PlyCount "76"]
[EventDate "2016.09.30"]

1. e4 c5 2. Nc3 Nc6 3. g3 g6 4. Bg2 Bg7 5. f4 d6 6. Nf3 e6 7. d3 Nge7 8. Bd2
Rb8 9. a4 O-O 10. O-O b6 11. h4 h5 12. Ng5 f5 13. Bf3 Qe8 14. Nb5 Nd4 15. Nxd6
Nxf3+ 16. Qxf3 Qd7 17. e5 Bh6 18. Nh3 Bb7 19. Qe3 Ba8 20. d4 Qc6 21. Kf2 Qg2+
22. Ke1 Qxh3 23. dxc5 bxc5 24. b3 Nd5 25. Qf2 Nb6 26. Rg1 Qg4 27. Qxc5 Qf3 28.
Qc7 Qc6 29. Qe7 Qd7 30. Qxd7 Nxd7 31. Ke2 Rfd8 32. Rab1 Bf8 33. Nb5 Nc5 34.
Nxa7 Ne4 35. Rbd1 Nxd2 36. Rxd2 Rxd2+ 37. Kxd2 Bc5 38. Nc6 Bxc6 0-1

[Event "II Weekend Hotel West End"]
[Site "Alassio ITA"]
[Date "2016.09.30"]
[Round "1"]
[White "Pineau, Jean"]
[Black "Del Nevo, Claudio"]
[WhiteElo "1440"]
[BlackElo "1807"]
[Result "0-1"]
[PlyCount "96"]
[EventDate "2016.09.30"]

1. e4 d6 2. d4 Nf6 3. Nc3 c6 4. f4 g6 5. Nf3 Bg7 6. Bd3 O-O 7. O-O b5 8. e5
dxe5 9. fxe5 Nd5 10. Ne4 Bf5 11. Nc5 Bxd3 12. Qxd3 Nd7 13. Nxd7 Qxd7 14. Re1
Rad8 15. Bd2 a6 16. c4 Nb6 17. b3 e6 18. Be3 f6 19. exf6 Bxf6 20. Rad1 Nc8 21.
Bh6 Rfe8 22. c5 Ne7 23. Re4 Nf5 24. Ne5 Bxe5 25. Bg5 Bxd4+ 26. Kh1 Qd5 27. Bxd8
Rxd8 28. Rde1 e5 29. g4 Nh6 30. h3 Nf7 31. h4 Bf2 32. Qxd5 Rxd5 33. Rf1 Bxh4
34. a4 Rxc5 35. Rd1 Bg5 36. Rd7 a5 37. Rc7 b4 38. Rc4 Rd5 39. R4xc6 Rd4 40. Kg2
Rd2+ 41. Kf1 Rd3 42. Ra6 Bd8 43. Ra8 Rxb3 44. Rc6 Rd3 45. Rca6 Kg7 46. R8a7 Rd4
47. g5 b3 48. Rb7 Rb4 0-1

[Event "II Weekend Hotel West End"]
[Site "Alassio ITA"]
[Date "2016.09.30"]
[Round "1"]
[White "Scarpati, Francesco"]
[Black "Caputi, Giuliano"]
[WhiteElo "1522"]
[BlackElo "1834"]
[Result "0-1"]
[PlyCount "70"]
[EventDate "2016.09.30"]

1. e4 e5 2. Nf3 Nc6 3. Bb5 Nf6 4. O-O Nxe4 5. Re1 Nd6 6. Bxc6 dxc6 7. Nxe5 Be7
8. d3 O-O 9. Nc3 Nf5 10. Nf3 Be6 11. b3 Bf6 12. Bb2 c5 13. Ne5 Nd4 14. f4 c6
15. Ne4 Be7 16. c3 Nb5 17. a4 Nc7 18. c4 Na6 19. Qh5 f6 20. Nf3 Bf7 21. Qh3 Nb4
22. Rad1 Qc7 23. f5 Rad8 24. Re3 b5 25. g4 Qf4 26. Kf2 bxc4 27. g5 Nxd3+ 28.
Rexd3 Rxd3 29. Rxd3 cxd3 30. gxf6 Qxe4 31. Qg3 Qe2+ 32. Kg1 g6 33. fxe7 Qxe7
34. fxg6 Bxg6 35. Ne5 Qf6 0-1

[Event "II Weekend Hotel West End"]
[Site "Alassio ITA"]
[Date "2016.09.30"]
[Round "1"]
[White "Ustianovich, Nazar"]
[Black "Zannoni, Gianni"]
[WhiteElo "2316"]
[BlackElo "1724"]
[Result "1-0"]
[PlyCount "63"]
[EventDate "2016.09.30"]

1. d4 d5 2. Nf3 Nf6 3. c4 e6 4. Nc3 Nbd7 5. Bg5 c6 6. e3 Qa5 7. cxd5 exd5 8.
Nd2 Bb4 9. Qc2 O-O 10. Be2 Re8 11. O-O Bxc3 12. bxc3 Ne4 13. Nxe4 dxe4 14. Bh4
Nf8 15. Rab1 b5 16. c4 a6 17. a4 Bd7 18. Bg3 Qb6 19. Qb2 Ra7 20. axb5 axb5 21.
cxb5 Rb7 22. Qc2 cxb5 23. Rb4 Qa5 24. Rfb1 Re6 25. d5 Rf6 26. h4 Ng6 27. Qxe4
Kf8 28. Qc2 Ne7 29. e4 Ng6 30. Bxb5 Nf4 31. Bxd7 Rxd7 32. e5 1-0

[Event "II Weekend Hotel West End"]
[Site "Alassio ITA"]
[Date "2016.09.30"]
[Round "1"]
[White "Vaccaro, Franco"]
[Black "Pino, Gianfranco"]
[WhiteElo "1538"]
[BlackElo "1853"]
[Result "0-1"]
[PlyCount "78"]
[EventDate "2016.09.30"]

1. c4 e5 2. Nc3 Nf6 3. g3 Bc5 4. Bg2 d6 5. a3 a6 6. h3 O-O 7. d3 Nc6 8. Nf3 Be6
9. e4 Rb8 10. O-O h6 11. Qe2 Qd7 12. Kh2 Nh7 13. Be3 Nd4 14. Bxd4 exd4 15. Nd5
c6 16. Nf4 Bb6 17. b4 c5 18. Rab1 Bc7 19. b5 Rfe8 20. a4 Nf6 21. Qc2 Qe7 22. b6
Bd8 23. Rfe1 Nd7 24. a5 Ne5 25. Ng1 Nc6 26. Qd2 Qd7 27. Nd5 Bxd5 28. cxd5 Nb4
29. f4 Qb5 30. Rxb4 cxb4 31. Rb1 Qxa5 32. Qxb4 Qxb4 33. Rxb4 Bf6 34. Nf3 Rbc8
35. Rc4 Rxc4 36. dxc4 Rxe4 37. Nh4 Re2 38. Nf5 d3 39. h4 d2 0-1

[Event "II Weekend Hotel West End"]
[Site "Alassio ITA"]
[Date "2016.10.01"]
[Round "2"]
[White "Abd El Gawad, Shaban"]
[Black "Noli, Giovanni"]
[WhiteElo "2019"]
[BlackElo "1807"]
[Result "1-0"]
[PlyCount "79"]
[EventDate "2016.09.30"]

1. d4 d5 2. Nf3 Nf6 3. c4 c6 4. Nc3 e6 5. Bg5 h6 6. Bxf6 Qxf6 7. e4 dxe4 8.
Nxe4 Qd8 9. Bd3 Bb4+ 10. Ke2 Be7 11. Qb3 Nd7 12. Rad1 Nf6 13. Rhe1 Qb6 14. Qc2
Nxe4 15. Bxe4 Bf6 16. Kf1 O-O 17. Rd3 Bd7 18. c5 Qc7 19. Nd2 Qxh2 20. Bf3 Rad8
21. Ne4 Be7 22. Ng3 Qh4 23. Re4 Qh2 24. Qb3 Bc8 25. Rd1 Bh4 26. Ne2 Rfe8 27. g3
Bg5 28. Ng1 f5 29. Ree1 Kh8 30. Rd3 Bf6 31. Red1 h5 32. Bg2 e5 33. Nf3 Be6 34.
d5 Bxd5 35. Rxd5 Qxg2+ 36. Kxg2 Rxd5 37. Rxd5 cxd5 38. Qxd5 Rd8 39. Qxb7 e4 40.
Nh4 1-0

[Event "II Weekend Hotel West End"]
[Site "Alassio ITA"]
[Date "2016.10.01"]
[Round "2"]
[White "Angelini, Marco"]
[Black "Benenati, Gianfranco"]
[WhiteElo "2203"]
[BlackElo "1810"]
[Result "1-0"]
[PlyCount "47"]
[EventDate "2016.09.30"]

1. e4 e5 2. Nf3 Nc6 3. Bc4 Bc5 4. c3 d6 5. d4 exd4 6. cxd4 Bb4+ 7. Nc3 Nf6 8.
O-O Bxc3 9. bxc3 O-O 10. Bg5 h6 11. Bh4 Bg4 12. Re1 g5 13. Bg3 Nh5 14. h3 Bxf3
15. Qxf3 Nxg3 16. Qxg3 Kg7 17. f4 f6 18. h4 a6 19. Rab1 b5 20. Bd5 Qd7 21. fxg5
fxg5 22. hxg5 h5 23. Qh3 Rae8 24. Qxd7+ 1-0

[Event "II Weekend Hotel West End"]
[Site "Alassio ITA"]
[Date "2016.10.01"]
[Round "2"]
[White "Benvenuti, Cristian"]
[Black "Scarpati, Francesco"]
[WhiteElo "1686"]
[BlackElo "1522"]
[Result "1-0"]
[PlyCount "79"]
[EventDate "2016.09.30"]

1. e4 g6 2. d4 Bg7 3. c4 c5 4. d5 d6 5. Nf3 Nf6 6. Nc3 a6 7. Bd3 O-O 8. O-O
Nbd7 9. a4 Ng4 10. h3 Nge5 11. Nxe5 Nxe5 12. f4 Nxd3 13. Qxd3 f5 14. Qe2 Bd7
15. e5 dxe5 16. fxe5 b5 17. e6 b4 18. Nd1 Bc8 19. Be3 Qd6 20. Bf4 Qb6 21. Be5
Bh6 22. Nf2 Bxe6 23. dxe6 Qxe6 24. Rfe1 Rad8 25. Bc7 Qxe2 26. Rxe2 Rd7 27. Be5
Rfd8 28. Rae1 Rd2 29. Kf1 b3 30. Rxd2 Rxd2 31. Bc3 Rd7 32. Re6 Bg7 33. Bxg7
Kxg7 34. Ke2 Kf7 35. Rxa6 Rd4 36. Nd1 Rxc4 37. Nc3 Rd4 38. Rc6 c4 39. a5 Rd5
40. Nxd5 1-0

[Event "II Weekend Hotel West End"]
[Site "Alassio ITA"]
[Date "2016.10.01"]
[Round "2"]
[White "Camagna, Ivan"]
[Black "Petrini, Davide"]
[WhiteElo "1587"]
[BlackElo "1433"]
[Result "1-0"]
[PlyCount "121"]
[EventDate "2016.09.30"]

1. c4 e5 2. Nc3 Nf6 3. g3 Bc5 4. e3 Nc6 5. Bg2 d6 6. a3 a5 7. d3 Ne7 8. Nf3 Bg4
9. Qb3 Qc8 10. O-O Bb6 11. Bd2 Qf5 12. e4 Qh5 13. Ne1 Nc6 14. Be3 O-O 15. Bxb6
cxb6 16. Qxb6 Rab8 17. Nc2 Bh3 18. f3 Bxg2 19. Kxg2 Qh6 20. Qf2 Ne7 21. b4 b6
22. b5 Qg6 23. Na4 Nc8 24. Ne3 Nd7 25. Nd5 f5 26. exf5 Qxf5 27. Qe3 Rf7 28.
Nac3 Nc5 29. Rad1 Ne7 30. Ne4 Nxd5 31. cxd5 Rd7 32. d4 exd4 33. Qxd4 Qe5 34.
Qxe5 dxe5 35. Rfe1 Nb3 36. Nf2 Nd4 37. Rxe5 Nxb5 38. a4 Nc3 39. Rd4 Rbd8 40.
Ne4 Nxd5 41. Kf2 Kf7 42. f4 h6 43. Kf3 Nf6 44. Rxd7+ Rxd7 45. Nxf6 Kxf6 46. Rb5
Rd6 47. Ke4 Ke6 48. g4 Rd2 49. Rxb6+ Kf7 50. h4 Ra2 51. h5 Rxa4+ 52. Kf5 Rc4
53. Rb7+ Kf8 54. g5 hxg5 55. fxg5 Rc5+ 56. Kg6 a4 57. Ra7 a3 58. Rxa3 Rc6+ 59.
Kh7 Rc7 60. Ra8+ Kf7 61. g6+ 1-0

[Event "II Weekend Hotel West End"]
[Site "Alassio ITA"]
[Date "2016.10.01"]
[Round "2"]
[White "Caputi, Giuliano"]
[Black "Manfredi, Vincenzo"]
[WhiteElo "1834"]
[BlackElo "2218"]
[Result "0-1"]
[PlyCount "78"]
[EventDate "2016.09.30"]

1. c4 e6 2. Nc3 d5 3. cxd5 exd5 4. d4 c6 5. Nf3 Bf5 6. Qb3 Qb6 7. Qxb6 axb6 8.
Bf4 b5 9. e3 Bb4 10. Ne5 Nd7 11. Nxd7 Kxd7 12. Kd2 Nf6 13. f3 Ra5 14. Bd3 Bxd3
15. Kxd3 Rha8 16. a3 Be7 17. Rac1 b4 18. axb4 Bxb4 19. g4 Ne8 20. g5 Nd6 21.
Bxd6 Bxd6 22. f4 Bb4 23. h4 Bxc3 24. Rxc3 Ke6 25. h5 Kf5 26. h6 g6 27. Rf1 Rb5
28. Kc2 Ra2 29. Rb3 Rxb3 30. Kxb3 Ra6 31. Rc1 Ke4 32. Rc3 Ra1 33. Kc2 Rf1 34.
b3 Rf2+ 35. Kd1 Rb2 36. Ke1 Kf5 37. Kd1 Ke4 38. Ke1 Kf5 39. Kd1 f6 0-1

[Event "II Weekend Hotel West End"]
[Site "Alassio ITA"]
[Date "2016.10.01"]
[Round "2"]
[White "Del Nevo, Claudio"]
[Black "Cugini, Verter"]
[WhiteElo "1807"]
[BlackElo "2067"]
[Result "0-1"]
[PlyCount "120"]
[EventDate "2016.09.30"]

1. d4 d6 2. Nf3 Nf6 3. Bg5 g6 4. c3 Bg7 5. Bxf6 Bxf6 6. e3 O-O 7. Bd3 e5 8.
dxe5 dxe5 9. Qc2 Nd7 10. Nbd2 Nc5 11. Be2 a5 12. h4 Bf5 13. e4 Bg4 14. O-O-O
Qe7 15. Nf1 Rfd8 16. Ne3 Rxd1+ 17. Rxd1 Be6 18. Nd5 Bxd5 19. Rxd5 c6 20. Rd1
Bxh4 21. g3 Bg5+ 22. Kb1 Bh6 23. Rh1 Bg7 24. Nd2 b5 25. Bg4 Qg5 26. Be2 Rd8 27.
Rd1 Qf6 28. f3 Qg5 29. g4 a4 30. Nf1 Bh6 31. Rxd8+ Qxd8 32. Qd1 Qxd1+ 33. Bxd1
Bf4 34. Kc2 h5 35. gxh5 gxh5 36. Nd2 h4 37. Be2 h3 38. Bf1 h2 39. Bg2 Kg7 40.
Nf1 Kf6 41. b3 axb3+ 42. axb3 Kg5 43. b4 Ne6 44. Kd3 Kh4 45. Ke2 f6 46. Kf2 Nc7
47. Bh1 Na8 48. Kg2 Nb6 49. Nxh2 Bxh2 50. Kxh2 Na4 51. Bg2 Nxc3 52. Bh3 Na2 53.
Bd7 Nxb4 54. Kg2 Kg5 55. Kg3 Kg6 56. Kg4 Kf7 57. Kf5 Ke7 58. Be6 Nc2 59. Bg8
Nd4+ 60. Kg4 c5 0-1

[Event "II Weekend Hotel West End"]
[Site "Alassio ITA"]
[Date "2016.10.01"]
[Round "2"]
[White "Delucis, Gabriele"]
[Black "Paparella, Nicole Samantha"]
[WhiteElo "1403"]
[BlackElo "1646"]
[Result "0-1"]
[PlyCount "78"]
[EventDate "2016.09.30"]

1. Nf3 d5 2. b3 Nf6 3. Bb2 Bf5 4. d3 h6 5. Nbd2 Nc6 6. c4 dxc4 7. Nxc4 e6 8. g3
Be7 9. Bg2 O-O 10. O-O Bh7 11. Nfe5 Nxe5 12. Bxe5 c6 13. Qd2 Nd5 14. Qa5 f6 15.
Qxd8 Rfxd8 16. Bb2 e5 17. Na5 Rab8 18. Rfc1 Bb4 19. Bxd5+ cxd5 20. Bc3 Ba3 21.
Rc2 Rdc8 22. Bxe5 fxe5 23. Rxc8+ Rxc8 24. b4 Bxb4 25. Nb3 Rc2 26. Kf1 Bf5 27.
f3 Bc3 28. Rc1 Rxc1+ 29. Nxc1 Bh3+ 30. Kf2 Be6 31. e4 d4 32. Nb3 Bxb3 33. axb3
b5 34. f4 exf4 35. gxf4 a5 36. e5 a4 37. bxa4 bxa4 38. e6 a3 39. e7 Kf7 0-1